000 01239nam a22003137a 4500
001 8269
003 FISKH
005 20250905153350.0
008 250905b cb ||||| |||| 00| 0 eng d
020 _a9781848100459
040 _aFISKH
_beng
_cFISKH
_dFISKH
050 _aSF302.R44
082 _a636.1
100 _aRegan, Lisa
245 _aHorses /
_cBy Lisa Regan : Illustrated y Ian Jackson
250 _aFirst published in 2008
260 _aUK :
_bMiles Kelly Publishing Ltd,
_c2008.
300 _a24 pages :
_bcolor illustrations ;
_c24 cm .
490 _aI love
505 _aM
520 _aWith all their grace and beauty, who doesn't love horses? This book introduces readers to many different breeds of horses from the beautiful, limber Arabian To The diminutive, adorable Shetland pony. The detailed illustrations are accompanied by a wealth of information about these hoofed wonders. The book also includes fun activities for horse lovers to help draw them into the text.
521 8 _a550
_bLexile estimate
521 8 _aM
_bRaz-Plus
650 _aHorses
_vNon-fiction
650 _aAnimals
_vNon-fiction
700 _aJackson, Ian
_eIllustrator
942 _2ddc
_cBK
_n0
999 _c8269
_d8269